000 00362nam a2200145Ia 4500
008 230917s9999||||xx |||||||||||||| ||und||
040 _e128066
_aMAIN
041 _aEnglish
082 _a005.1 JI
100 _aJalote, Pankaj
245 0 _aIntegrated approach to software engineering
250 _a3rd ed.
260 _aNew Delhi
_bNarosa
_c1991
942 _cBK
999 _c139043
_d139043